Loading...
| Fine Arts - Auditory Fine Arts | 7 | 12.86 | 100% | 29% | 0% |
| Fine Arts - Other Fine Arts | 6 | 16.67 | 100% | 33% | 33% |
| Fine Arts - Visual Fine Arts | 3 | 16.67 | 67% | 67% | 33% |
| Geography | 5 | 20.00 | 100% | 80% | 20% |
| History - American History | 4 | 15.00 | 100% | 25% | 25% |
| History - Ancient/Other History | 4 | 20.00 | 100% | 100% | 0% |
| History - European History | 6 | 18.33 | 100% | 50% | 33% |
| History - World History | 6 | 20.00 | 100% | 67% | 33% |
| Literature - American Literature | 6 | 13.33 | 83% | 33% | 17% |
| Literature - British Literature | 4 | 17.50 | 100% | 50% | 25% |
| Literature - European Literature | 7 | 15.71 | 100% | 43% | 14% |
| Literature - World Literature | 4 | 12.50 | 75% | 50% | 0% |
| Mythology | 2 | 15.00 | 100% | 50% | 0% |
| Other Academic | 4 | 22.50 | 100% | 50% | 75% |
| Philosophy | 8 | 12.50 | 88% | 38% | 0% |
| Religion | 6 | 8.33 | 67% | 17% | 0% |
| Science - Biology | 4 | 15.00 | 75% | 50% | 25% |
| Science - Chemistry | 6 | 21.67 | 100% | 67% | 50% |
| Science - Other Science | 7 | 21.43 | 100% | 100% | 14% |
| Science - Physics | 4 | 20.00 | 100% | 100% | 0% |
| Social Science | 11 | 13.64 | 91% | 36% | 9% |